Organigrama
Descripción Física:
Full pleg., 17 planes ; 30 cm
Materias:
Barcelona. Diputació -- Organigrama
MARC
| LEADER | 00000nam a2200000Ia 4500 | ||
|---|---|---|---|
| 001 | 12808 | ||
| 008 | 160829s9999 xx 000 0 cat d | ||
| 080 | |a FU-28-35 | ||
| 110 | 1 | |a Barcelona (Catalunya : Província). |b Diputació |9 52408 | |
| 245 | |a Organigrama | ||
| 260 | |a [Barcelona] : |b Diputació de Barcelona, [s.a.] | ||
| 300 | |a Full pleg., 17 planes ; |c 30 cm | ||
| 650 | |a Barcelona. Diputació |x Organigrama |9 21110 | ||
| 901 | |a Arxiu | ||
| 942 | |n 1 | ||
| 952 | |0 0 |1 0 |4 0 |6 FU2835 |7 1 |9 41800 |a Arxiu |b Arxiu |d 2016-12-01 |l 0 |o FU-28-35 |p 12808 |r 2016-12-01 00:00:00 |w 2016-12-01 |y ARXIU | ||
| 999 | |c 43692 |d 43692 | ||